000 00339nam a2200145Ia 4500
005 20250316171624.0
008 240331s9999 xx 000 0 und d
082 _bJAH
_a894
100 _aJahan,F
245 0 _aOru kadal neerootri
260 _aChennai
_bPanikkudam Pathippagam
_c2007
300 _a64 p .,
650 _aPoems
942 _cL
999 _c4664
_d4664